000 00835cam a2200241M 4500
001 on1550207121
003 TZ-ArACH
005 20251118125237.0
008 251112s2025 xx 0|| 0 fre d
020 _a2336564769
020 _a9782336564760
035 _a(OCoLC)1550207121
040 _aYDX
_beng
_cTZ-ArACH
049 _aTZAA
050 _aKQC572
_b .D64 2025 (T2)
100 1 _aDiarra, Eloi; Dembele, Mamadou Bakaye, Sow, Amadou; Diawara, Mamadou; Diarra, Zoumana; Diambou, Samba
245 1 0 _aGrands enjeux des droits humains en Afrique:
_bRegards croisés, tome 2.
_cEloi Diarra, Mamadou Bakaye Dembele, Amadou Sow, Mamadou Diawara, Zoumana Diarra, Samba Diambou.
260 _aBamako:
_bHarmattan Mali;
_c2025.
300 _a609 p.
650 _aHuman rights
_xKey issues
650 _aAfrica
942 _2lcc
_cBOOK
999 _c7688
_d7688